00466 2200181 4500001002100000005001500021035002000036245004900056100001200105250001700117300003200134260003500166082001100201084001700212020002200229650001400251500001900265INLIS00000000000066920240831074801 a0010-08240001871 aBeternak Belut dan Pemanfaatannya /cMashudi0 aMashudi aCetakan Ke-1 aiv, 44 hlm :bIlus ;c21 cm aJakarta :bGaneca Exact,c2007 a639.31 a639.31 MAS b a978-979-571-460-6 4aBudi daya aSeri Perikanan